LEADER 00699nam a2200181 i 4500 001 000000123876 003 CaOOAMICUS 005 20040308000000.0 008 040308s1937 it u000 u ita u 013 $a96572 040 $aSeMil$bita 245 10$a1: Dal Cristianesimo al Cinquecento. 300 $a270 p., riccamente ill. 773 0 $aParibeni, Roberto <1876-1956>$tArte italiana.$dTorino ; Milano [etc.] : Società Editrice Internazionale, 1937-1941.$w()11151 850 $aSeMil 852 $aSeMil$W1$xVenegono$y1$m5R VII 58$j78516$B78516$CSeMilBibl$Z2$F80765 $81 961 $aOmaggio: Martini Card. Carlo Maria 996 $6245$a1: Dal Cristianesimo al Cinquecento$9(OLS)http://semarc/title/182201 LEADER 00533nab a2200145 i 4500 001 000000314025 003 CaOOAMICUS 005 20180831173123.0 008 180831n xx uu u0 0und r 013 $a23112 040 $aSeMil$bita 100 1 $aT., M.$0(OLS)http://semarc/name/88550 245 10$aRedenzione e filiazione adottiva in S. Atanasio e S. Cirillo Alessandrino. 773 0 $t[Gennaio-Dicembre].$g728-737$w()274261 996 $6245$aRedenzione e filiazione adottiva in S. Atanasio e S. Cirillo Alessandrino$9(OLS)http://semarc/title/388238